|
|
|
|
| LEADER |
00562cam a2200169 7i4500 |
| 001 |
0000032528 |
| 005 |
20150810090000.0 |
| 020 |
0 |
0 |
|a 9789673050628
|
| 090 |
0 |
0 |
|a B 305.89923
|b IBR
|
| 100 |
1 |
0 |
|a Ibrahim Abu Shah, Dato Seri
|
| 245 |
1 |
0 |
|a Falsafah MIM :
|b membina minda Melayu.
|
| 260 |
0 |
0 |
|a Shah Alam:
|b Pusat Penerbitan Universiti, Universiti Teknologi MARA,
|c 2007.
|
| 300 |
# |
# |
|a 92 Pages.
|
| 650 |
0 |
0 |
|a Social change --
|z Malaysia
|
| 650 |
0 |
0 |
|a Malays --
|z Malaysia
|
| 650 |
0 |
0 |
|a Malays --
|x Ethnic identity
|
| 999 |
|
|
|a 0000035773
|b Book
|c Malaysia
|e Business Information Centre
|